Grossstädte Deutschlands - Statistiken

Allgemein
  • Dieses Quiz wurde 274 mal gespielt
  • Das Durchschnittsergebnis liegt bei 66 aus 81
Antwortstatistiken
Bundesland Einwohner Stadt % Korrekt
Berlin 3'645 k Berlin
99%
Hamburg 1'841 k Hamburg
99%
Hessen 753 k Frankfurt am Main
98%
Bayern 1'472 k München
98%
Bremen 569 k Bremen
97%
Nordrhein-Westfalen 619 k Düsseldorf
97%
Nordrhein-Westfalen 1'086 k Köln
97%
Baden-Württemberg 635 k Stuttgart
97%
Sachsen 555 k Dresden
96%
Nordrhein-Westfalen 587 k Dortmund
95%
Nordrhein-Westfalen 583 k Essen
95%
Niedersachsen 538 k Hannover
95%
Sachsen 588 k Leipzig
95%
Bayern 518 k Nürnberg
95%
Schleswig-Holstein 248 k Kiel
93%
Rheinland-Pfalz 217 k Mainz
92%
Brandenburg 178 k Potsdam
92%
Saarland 181 k Saarbrücken
91%
Thüringen 214 k Erfurt
90%
Mecklenburg-Vorpommern 209 k Rostock
90%
Nordrhein-Westfalen 499 k Duisburg
89%
Bayern 295 k Augsburg
88%
Nordrhein-Westfalen 327 k Bonn
88%
Baden-Württemberg 230 k Freiburg im Breisgau
88%
Nordrhein-Westfalen 261 k Gelsenkirchen
88%
Sachsen-Anhalt 239 k Magdeburg
88%
Hessen 278 k Wiesbaden
88%
Nordrhein-Westfalen 365 k Bochum
87%
Sachsen 247 k Chemnitz
87%
Nordrhein-Westfalen 247 k Aachen
86%
Baden-Württemberg 313 k Karlsruhe
86%
Nordrhein-Westfalen 314 k Münster
86%
Nordrhein-Westfalen 334 k Bielefeld
85%
Niedersachsen 124 k Wolfsburg
85%
Nordrhein-Westfalen 354 k Wuppertal
85%
Niedersachsen 248 k Braunschweig
84%
Hessen 202 k Kassel
84%
Baden-Württemberg 309 k Mannheim
84%
Schleswig-Holstein 217 k Lübeck
83%
Hessen 159 k Darmstadt
82%
Thüringen 111 k Jena
82%
Nordrhein-Westfalen 261 k Mönchengladbach
82%
Niedersachsen 165 k Osnabrück
82%
Bremen 114 k Bremerhaven
81%
Nordrhein-Westfalen 164 k Leverkusen
81%
Nordrhein-Westfalen 211 k Oberhausen
81%
Baden-Württemberg 126 k Ulm
81%
Sachsen-Anhalt 239 k Halle (Saale)
80%
Niedersachsen 168 k Oldenburg (Oldb)
80%
Bayern 128 k Würzburg
80%
Baden-Württemberg 160 k Heidelberg
79%
Rheinland-Pfalz 111 k Trier
79%
Bayern 128 k Fürth
78%
Rheinland-Pfalz 114 k Koblenz
78%
Bayern 153 k Regensburg
78%
Bayern 137 k Ingolstadt
77%
Nordrhein-Westfalen 151 k Paderborn
77%
Rheinland-Pfalz 171 k Ludwigshafen am Rhein
76%
Nordrhein-Westfalen 179 k Hamm
75%
Nordrhein-Westfalen 227 k Krefeld
75%
Niedersachsen 120 k Göttingen
74%
Brandenburg 100 k Cottbus
73%
Hessen 129 k Offenbach am Main
73%
Nordrhein-Westfalen 156 k Herne
71%
Nordrhein-Westfalen 189 k Hagen
70%
Nordrhein-Westfalen 159 k Solingen
69%
Baden-Württemberg 126 k Heilbronn
68%
Bayern 112 k Erlangen
67%
Nordrhein-Westfalen 112 k Recklinghausen
66%
Nordrhein-Westfalen 112 k Bergisch Gladbach
65%
Baden-Württemberg 126 k Pforzheim
64%
Baden-Württemberg 116 k Reutlingen
64%
Nordrhein-Westfalen 117 k Bottrop
63%
Nordrhein-Westfalen 154 k Neuss
62%
Nordrhein-Westfalen 103 k Siegen
62%
Nordrhein-Westfalen 104 k Moers
61%
Niedersachsen 102 k Hildesheim
59%
Nordrhein-Westfalen 171 k Mülheim an der Ruhr
59%
Nordrhein-Westfalen 111 k Remscheid
58%
Niedersachsen 105 k Salzgitter
57%
Nordrhein-Westfalen 100 k Gütersloh
54%
Keine übereinstimmenden Quizze gefunden
Verteilung der Resultate
Anzahl Personen mit jedem Resultat
Perzentil nach korrekt beantworteten Fragen
Ihre Resultats-Entwicklung
Sie haben dieses Quiz noch nicht gespielt